Detalles MARC
| 000 -LIDER |
| fixed length control field |
01354nam a2200349 a 4500 |
| 001 - NÚMERO DE CONTROL |
| Identificador de número de control |
|
| 003 - IDENTIFICACDOR DE NÚMERO DE CONTROL |
| control field |
DO-SdBNP |
| 005 - DATE AND TIME OF LATEST TRANSACTION |
| control field |
20220712125556.0 |
| 008 - ELEMENTOS DE LONGITUD FIJA |
| fixed length control field |
130708s2010 dr ac 000 0 spa d |
| 020 ## - ISBN |
| International Standard Book Number |
9789945476002 |
| 040 ## - FUENTE DE CATALOGACIÓN |
| Agencia que crea de manera original el registro |
DO-SdBNP |
| Idioma de catalogación |
spa |
| Agencia que realiza la transcripción |
BPMSU |
| 082 ## - NÚMERO DE CLASIFICACIÓN DECIMAL DE DEWEY |
| Classification number |
928.617293 |
| Item number |
M843B 2010 |
| Edition number |
22 |
| 100 1# - ASIENTO PRINCIPAL -- NOMBRE PERSONAL |
| Nombre personal |
Barinas, Gracita |
| 245 10 - MENCIÓN DE TITULO |
| Título |
Domingo Moreno Jimenes : |
| Subtítulo |
el legado cultural de su obra en San Cristóbal (1950-1963) / |
| Mención de responsabilidad |
Gracita Barinas, Douglas Hasbún José, Odalís G. Pérez ; prólogo Manuel Mora Serrano. |
| 246 14 - VARIACION DEL TÍTULO |
| Título propiamente dicho o título corto |
El Instituto de la Poesía Osvaldo Bazil y su trascendencia |
| 260 ## - PUBLICACIÓN, DISTRIBUCIÓN, ETC. (PIE DE IMPRENTA) |
| Lugar de publicación, distribución, etc |
San Cristóbal, República Dominicana : |
| Nombre del editor, distribuidor, etc. |
Fotomegraf, |
| Fecha de publicación, distribución, etc |
2010. |
| 300 ## - DESCRIPCIÓN FÍSICA |
| Extensión |
175 p. : |
| Otros detalles físicos |
ils., retrs. ; |
| Dimensiones |
22 cm. |
| 500 ## - NOTA GENERAL |
| Nota general |
Incluye datos biográficos de los autores |
| 500 ## - NOTA GENERAL |
| Nota general |
Incluye referencias bibliográficas y notas al pie de las páginas |
| 590 ## - NOTA LOCAL |
| Enlace |
Inventariado, 2022/VM |
| 600 14 - ENCABEZAMIENTO DE MATERIA--NOMBRE PERSONAL |
| Nombre personal |
Moreno Jimenes, Domingo |
| Fechas asociadas con el nombre |
1894-1986. |
| 650 #4 - ENCABEZAMIENTO DE MATERIA--TEMÁTICO |
| Término temático o nombre geográfico como elemento de entrada |
Poesía dominicana |
| 650 #4 - ENCABEZAMIENTO DE MATERIA--TEMÁTICO |
| Término temático o nombre geográfico como elemento de entrada |
Literatura dominicana |
| 700 1# - ASIENTO SECUNDARIO -- NOMBRE PERSONAL |
| Nombre personal |
Hasbún José, Douglas |
| 700 1# - ASIENTO SECUNDARIO -- NOMBRE PERSONAL |
| Nombre personal |
Pérez, Odalís G. |
| Fechas asociadas con el nombre |
1952- |
| 700 1# - ASIENTO SECUNDARIO -- NOMBRE PERSONAL |
| Nombre personal |
Mora Serrano, Manuel |
| Títulos u otras palabras asociadas con el nombre |
1933- |
| Mención de responsabilidad |
pról. |
| 700 z# - ASIENTO SECUNDARIO -- NOMBRE PERSONAL |
| Nombre personal |
Pérez, Odalís G., |
| Fechas asociadas con el nombre |
1952- |
| 700 z# - ASIENTO SECUNDARIO -- NOMBRE PERSONAL |
| Nombre personal |
Pérez, Odalís |
| Fechas asociadas con el nombre |
1952- |
| Forma completa del nombre |
(Odalís G.) |
| 700 z# - ASIENTO SECUNDARIO -- NOMBRE PERSONAL |
| Nombre personal |
Serrano, Manuel Mora |
| Fechas asociadas con el nombre |
1933- |
| 910 ## - VALIDACIÓN |
| Validación |
VMateo V. |
| 942 ## - ADDED ENTRY ELEMENTS (KOHA) |
| Source of classification or shelving scheme |
Dewey Decimal Classification |
| Koha item type |
Libros |